000 00692nam a2200217 a 4500
001 000036717
005 20200930075907.0
008 120126s1988 sp a 000 0 spa d
020 _a0713144769
040 _aDO-SdBNP
_bspa
_cBNPHU
100 1 _aDodson, Margaret E.
_963025
240 1 4 _aThe Management of postoperative
_lEspañol
245 1 0 _aTratamiento postoperatorio /
_cMargaret E. Dodson.
260 _aBarcelona :
_bSalvat,
_c1988.
300 _a353 p. :
_bil. ;
_c22 cm.
500 _aTraducido del idioma inglés
700 1 _aMauri Mas, Assumpta
_etr.
_963026
700 1 _aPuerta López-Cozar, José Luis
_etr.
_963027
830 0 _aAnestesia
_n8
_963028
430 1 _aAnestesia
_v8
999 _c36208
_d36208